000 00794na a2200277 4500
001 12940
003 MIRAKIL
005 20181213154843.0
008 160817b tu 000 0
020 _a9755200517 (c.1)
035 _a12940
040 _aMilas
_btur
_cTR-AnCHP
082 _a305.89435
_bK84a 1992
090 _a305.89435 K84a 1992
100 _aKula, Onur Bilge
245 _aAlman kültüründe Türk imgesi
_cOnur Bilge Kula
246 _aTürk simgesi
260 _aAnkara
_bGündoğan Yayınları
_c1992
300 _a202 s.
_c20 sm.
490 _aGündoğan yayınları
_v92.52
490 _aEdebiyat
_v12.13
650 _aTürkler
_xKültür
_zAlmanya
650 _aTürkler
_xDış kamuoyu
_zAlmanya
651 _aTürkiye
_xDış kamuoyu, Alman
942 _2ddc
_cBKS
999 _c2053
_d2053